Ayudas educativas: creatividad y aprendizaje

Uloženo v:
Podrobná bibliografie
Hlavní autoři: Borda Avila, Elizabeth (Autor), Páez Rodríguez, Elizabeth (Autor)
Médium: Kniha
Jazyk:španělština
Vydáno: Bogotá Magisterio 1990
Edice:Colección Aula abierta
Témata:
Tagy: Přidat tag
Žádné tagy, Buďte první, kdo vytvoří štítek k tomuto záznamu!

MARC

LEADER 00000nam a2200000 a 4500
001 UCH6595
003 CL-VaPUC
008 091109e19900000ck |||||||||||||||||spa|d
020 |a 9582000147 
082 0 4 |a 371.3078  |b BOR  |2 21 
100 0 |a Borda Avila, Elizabeth  |e author  |9 543202 
700 0 |a Páez Rodríguez, Elizabeth  |e author  |9 543203 
245 1 0 |a Ayudas educativas: creatividad y aprendizaje 
300 |a 221 p 
942 |c BK 
945 |d 20091109 00:00:00  |a ccalabra 
260 |a Bogotá  |b Magisterio  |c 1990 
650 0 |a Educación  |9 258661 
650 0 |a Aptitud creadora  |9 307292 
650 0 |a Creatividad   |9 310816 
650 7 |a JUGUETES EDUCATIVOS  |2 CL-VaPUC  |9 340675 
650 7 |a MATERIAL Y EQUIPO DIDACTICOS  |2 CL-VaPUC  |9 309109 
650 7 |a AYUDA PARA LA ENSEÑANZA  |2 CL-VaPUC  |9 355960 
583 |a last modification  |c 20171122 12:46:32  |k Rodrigo Vera 
490 0 |a Colección Aula abierta 
999 |c 337460  |d 337458